000 02041cam a22004814i 4500
003 PE-LiUPU
005 20250731173400.0
008 150616s1971 sp a rb 000 0 spa d
035 _a(Sirsi) a493
040 _aPE-LiUPU
_bspa
_cPE-LiUPU
_erda
049 _aPRUA
082 0 4 _a268.4
_bL52
_221
100 1 _aLefebvre, Xavier,
_eautor.
245 1 3 _aEl niño ante Dios: la educación religiosa en la primera infancia (de los 3 a los 5 años): retrato del niño. Su educación humana. Su formación religiosa /
_cXavier Lefebvre ; editado por Luis Perin.
264 1 _aBilbao :
_bDesclee de Brouwer,
_c1971.
300 _a277 páginas :
_bilustraciones ;
_c16 centímetros.
336 _atext
_2rdacontent
337 _aunmediated
_2rdamedia
338 _avolume
_2rdacarrier
490 0 _aColección "Educación y Familia" ;
_v10
504 _aNota Bibliografica.
505 0 _aHace falta un mundo religioso que sea a la vez maravilloso y real -- Le hace falta una religión que le engrandezca -- Le hace falta una religión que le gane el corazón -- Las grandes leyes de su formación religiosa -- Los temas religiosos -- Hacer vivir al niño en contacto con la grandeza y la bondad maravillosas de Dios.
526 _aSEG42
526 _aSEG41
526 _aSEG40
526 _aSEG39
526 _aP94
526 _aP87
526 _aP86
526 _aP85
526 _aP77
526 _aP76
526 _aP35
650 0 4 _aEducación cristiana de niños.
700 1 _aPerin, Luis,
_eeditor.
910 _ajck
_bjvq
_cjck
942 _2ddc
_cBOOK
949 _a268.4 L52
_wDEWEY
_c1
_i12665
_lCCODEBUL1
_mBUL
_p25.00
_r0
_sY
_tBOOK
_u2015-04-23
_xTEOLOGIA
_zUNKNOWN
_0COMPRA
_o.STAFF. Colección Teología
994 _aC0
_bPEPRU
596 _a1
999 _a268.4 L52
_wDEWEY
_c51631
_i12665
_d51631
_e2019-9-2
_f2021-11-10
_g5
_lCCODEBUL1
_mBUL
_n6
_p25.00
_q1
_r0
_sY
_tBOOK
_u2015-4-23
_xTEOLOGIA
_zUNKNOWN
_0COMPRA
_o.STAFF. Colección Teología
980 _81
_gALBERTO SANCHEZ Responsable de Automatización